Plants reported resistant or tolerant to root knot nematode infestation / (Record no. 10140)

MARC details
000 -LEADER
fixed length control field 01159cam a22003371a 4500
001 - CONTROL NUMBER
control field agr41000511
003 - CONTROL NUMBER IDENTIFIER
control field DLC
005 - DATE AND TIME OF LATEST TRANSACTION
control field 20260227111000.0
008 - FIXED-LENGTH DATA ELEMENTS--GENERAL INFORMATION
fixed length control field 870312s1941 dcu b f000 0 eng
010 ## - LIBRARY OF CONGRESS CONTROL NUMBER
LC control number agr41000511
035 ## - SYSTEM CONTROL NUMBER
System control number (OCoLC)15308259
040 ## - CATALOGING SOURCE
Original cataloging agency DLC
Transcribing agency InRE
Modifying agency InRE
-- DNAL
-- DLC
042 ## - AUTHENTICATION CODE
Authentication code premarc
050 00 - LIBRARY OF CONGRESS CALL NUMBER
Classification number SB741.R7
Item number T9
070 0# - NATIONAL AGRICULTURAL LIBRARY CALL NUMBER
Classification number 1
Item number Ag84M no.406
072 0# - SUBJECT CATEGORY CODE
Subject category code F822
082 ## - DEWEY DECIMAL CLASSIFICATION NUMBER
Classification number 630.6173
100 1# - MAIN ENTRY--PERSONAL NAME
Personal name Tyler, Jocelyn,
Dates associated with a name 1900-
245 10 - TITLE STATEMENT
Title Plants reported resistant or tolerant to root knot nematode infestation /
Statement of responsibility, etc. by Jocelyn Tyler.
260 ## - PUBLICATION, DISTRIBUTION, ETC.
Place of publication, distribution, etc. Washington, D.C. :
Name of publisher, distributor, etc. U.S. Dept. of Agriculture,
Date of publication, distribution, etc. 1941.
300 ## - PHYSICAL DESCRIPTION
Extent 91 p. ;
Dimensions 23 cm.
490 1# - SERIES STATEMENT
Series statement Miscellaneous publication / United States Department of Agriculture ;
Volume/sequential designation no. 406
500 ## - GENERAL NOTE
General note Caption title.
500 ## - GENERAL NOTE
General note Contribution from Bureau of Plant Industry.
504 ## - BIBLIOGRAPHY, ETC. NOTE
Bibliography, etc. note Bibliography: p. 78-9l.
650 #0 - SUBJECT ADDED ENTRY--TOPICAL TERM
Topical term or geographic name entry element Root-knot.
650 #0 - SUBJECT ADDED ENTRY--TOPICAL TERM
Topical term or geographic name entry element Nematode diseases of plants.
650 #0 - SUBJECT ADDED ENTRY--TOPICAL TERM
Topical term or geographic name entry element Plants
General subdivision Disease and pest resistance.
740 0# - ADDED ENTRY--UNCONTROLLED RELATED/ANALYTICAL TITLE
Uncontrolled related/analytical title Root knot nematode infestation.
830 #0 - SERIES ADDED ENTRY--UNIFORM TITLE
Uniform title Miscellaneous publication (United States. Department of Agriculture) ;
Volume/sequential designation no. 406.

No items available.

Powered by Koha